| 000 | 00781nam a2200241 a 4500 | ||
|---|---|---|---|
| 005 | 20240911064753.0 | ||
| 008 | 070322s2003 es r 000 0 spa d | ||
| 020 | _a8432311197 | ||
| 035 | _aUPN01000149937 | ||
| 049 | _aCG | ||
| 050 | 4 |
_aHD7091 _bB3.2 |
|
| 100 | 1 |
_aBauman, Zygmunt, _d1925-2017 _930175 |
|
| 245 | 1 | 0 |
_aComunidad : _ben busca de seguridad en un mundo hostil / _cZygmunt Bauman ; tr. Jesús Albores. |
| 260 |
_aMadrid : _bSiglo XXI, _c2003. |
||
| 300 | _a185 p. | ||
| 440 | 0 |
_aTemas para el siglo XXI ; _v1 |
|
| 534 |
_pTítulo original: _tCommunty : seeking safety in an insecure world |
||
| 650 | 4 |
_aSeguridad social _96797 |
|
| 650 | 4 |
_aEstado _xPolítica social _923309 |
|
| 650 | 4 |
_aMulticulturalismo _95798 |
|
| 650 | 4 |
_aComunismo _96792 |
|
| 905 | _aLibro | ||
| 999 |
_c122078 _d122078 |
||